Code de la presse : (Record no. 70701)
[ view plain ]
| 000 -LEADER | |
|---|---|
| fixed length control field | 01164nam a2200337 i 4500 |
| 003 - CONTROL NUMBER IDENTIFIER | |
| control field | EG-GICUC |
| 005 - DATE AND TIME OF LATEST TRANSACTION | |
| control field | 20260505174131.0 |
| 008 - FIXED-LENGTH DATA ELEMENTS--GENERAL INFORMATION | |
| fixed length control field | 260413s1964 fr ||||fr|||| 00| 0 fre d |
| 040 ## - CATALOGING SOURCE | |
| Original cataloging agency | EG-GICUC |
| Language of cataloging | fre |
| Transcribing agency | EG-GICUC |
| Modifying agency | EG-GICUC |
| Description conventions | rda |
| 041 0# - LANGUAGE CODE | |
| Language code of text/sound track or separate title | fre |
| 082 04 - DEWEY DECIMAL CLASSIFICATION NUMBER | |
| Edition number | 21 |
| Classification number | 343.416 |
| Item number | TO . C |
| 092 04 - LOCALLY ASSIGNED DEWEY CALL NUMBER (OCLC) | |
| Edition number | 21 |
| 099 ## - LOCAL FREE-TEXT CALL NUMBER (OCLC) | |
| Classification number | Law1 10 343.416 TO . C 2 ed - 1964 |
| 100 0# - MAIN ENTRY--PERSONAL NAME | |
| Personal name | Toulemon, André |
| Relator term | Auteur |
| 245 10 - TITLE STATEMENT | |
| Title | Code de la presse : |
| Remainder of title | liberté de la presse, diffamation, droit de réponse, injure-outrage, procédure / |
| Statement of responsibility, etc. | André Toulemon, M. Grelard, J. Patin ; préface de Marcel Rousselet. |
| 250 ## - EDITION STATEMENT | |
| Edition statement | 2e édition |
| 264 #1 - PRODUCTION, PUBLICATION, DISTRIBUTION, MANUFACTURE, AND COPYRIGHT NOTICE | |
| Place of production, publication, distribution, manufacture | Paris : |
| Name of producer, publisher, distributor, manufacturer | Librairie Sirey, |
| Date of production, publication, distribution, manufacture, or copyright notice | 1964. |
| 300 ## - PHYSICAL DESCRIPTION | |
| Extent | 382 pages ; |
| Dimensions | 24 cm |
| 336 ## - CONTENT TYPE | |
| Source | rda content |
| Content type term | text |
| 337 ## - MEDIA TYPE | |
| Source | rda media |
| Media type term | Computer |
| 338 ## - CARRIER TYPE | |
| Source | rda carrier |
| Carrier type term | Online Resource |
| 504 ## - BIBLIOGRAPHY, ETC. NOTE | |
| Bibliography, etc. note | Comprend des références bibliographiques. |
| 546 ## - LANGUAGE NOTE | |
| Language note | Texte en français |
| 650 14 - SUBJECT ADDED ENTRY--TOPICAL TERM | |
| Topical term or geographic name entry element | Droit pénal international |
| Source of heading or term | qrmak |
| 651 1# - SUBJECT ADDED ENTRY--GEOGRAPHIC NAME | |
| Source of heading or term | qrmak |
| 700 1# - ADDED ENTRY--PERSONAL NAME | |
| Personal name | M. Grelard |
| Relator term | Co-Auteur |
| 700 1# - ADDED ENTRY--PERSONAL NAME | |
| Personal name | J. Patin |
| Relator term | Co-Auteur |
| 856 40 - ELECTRONIC LOCATION AND ACCESS | |
| Uniform Resource Identifier | <a href="https://fll.law.cu.edu.eg/fulltext/bks/B10-09027.pdf">https://fll.law.cu.edu.eg/fulltext/bks/B10-09027.pdf</a> |
| 905 ## - Cataloger and Reviser Names | |
| Cataloger Name: | Habiba Yahya |
| 942 ## - ADDED ENTRY ELEMENTS (KOHA) | |
| Source of classification or shelving scheme | Dewey Decimal Classification |
| Suppress in OPAC | No |
| Koha item type | Books |
| Edition | 21 |
| Withdrawn status | Lost status | Source of classification or shelving scheme | Damaged status | Not for loan | Collection | Home library | Current library | Date acquired | Total checkouts | Full call number | Barcode | Date last seen | Copy number | Price effective from | Koha item type |
|---|---|---|---|---|---|---|---|---|---|---|---|---|---|---|---|
| Dewey Decimal Classification | Not for loan | القانون الجنائي | جــــامعة القــاهرة | مكتبة كلية الحقوق - المبنى الرئيسي | 13.04.2026 | Law1 10 343.425 TA . C 2 ed - 1964 1009027 C1 | B10-09027 | 13.04.2026 | 1 | 13.04.2026 | Books | ||||
| Dewey Decimal Classification | القانون الجنائي | جــــامعة القــاهرة | مكتبة كلية الحقوق - المبنى الرئيسي | 19.04.2026 | Law1 10 343.416 TO . C 2 ed - 1964 1009025 C2 | B10-09025 | 19.04.2026 | 2 | 19.04.2026 | Books | |||||
| Dewey Decimal Classification | القانون الجنائي | جــــامعة القــاهرة | مكتبة كلية الحقوق - فـرع الشيخ زايد | 19.04.2026 | Law2 10 343.416 TO . C 2 ed - 1964 1009026 C3 | B10-09026 | 19.04.2026 | 3 | 19.04.2026 | Books |